[Event "Nezhmetdinovrapid"]
[Site "?"]
[Date "2015.05.29"]
[Round "1.9"]
[White "Maria, Severina"]
[Black "Robert, Hovhannisyan"]
[Result "0-1"]
[BlackElo "2584"]
[WhiteElo "2239"]
[LiveChessVersion "1.4.5"]

1. Nf3 {[%clk 0:15:11]} d5 {[%clk 0:15:10]} 2. c4 {[%clk 0:15:16]} c6
{[%clk 0:15:13]} 3. d4 {[%clk 0:15:18]} Nf6 {[%clk 0:15:16]} 4. Nc3
{[%clk 0:15:08]} e6 {[%clk 0:15:20]} 5. e3 {[%clk 0:14:59]} Nbd7 {[%clk 0:15:23]}
6. Bd3 {[%clk 0:14:58]} dxc4 {[%clk 0:15:27]} 7. Bxc4 {[%clk 0:15:02]} b5
{[%clk 0:15:31]} 8. Bd3 {[%clk 0:15:06]} Bd6 {[%clk 0:15:34]} 9. O-O
{[%clk 0:14:39]} O-O {[%clk 0:15:37]} 10. Qc2 {[%clk 0:13:48]} Bb7
{[%clk 0:15:37]} 11. Ng5 {[%clk 0:13:11]} Bxh2+ {[%clk 0:14:06]} 12. Kxh2
{[%clk 0:13:13]} Ng4+ {[%clk 0:14:11]} 13. Kg1 {[%clk 0:12:31]} Qxg5
{[%clk 0:14:14]} 14. f3 {[%clk 0:12:26]} Ngf6 {[%clk 0:14:12]} 15. e4
{[%clk 0:11:35]} Qh4 {[%clk 0:14:15]} 16. Be3 {[%clk 0:11:22]} Nh5
{[%clk 0:13:00]} 17. Ne2 {[%clk 0:08:14]} e5 {[%clk 0:12:32]} 18. Rac1
{[%clk 0:07:23]} h6 {[%clk 0:10:29]} 19. b4 {[%clk 0:06:45]} a5 {[%clk 0:10:03]}
20. a3 {[%clk 0:06:43]} axb4 {[%clk 0:10:04]} 21. axb4 {[%clk 0:06:48]} Rfd8
{[%clk 0:09:20]} 22. Rfd1 {[%clk 0:05:24]} Nf4 {[%clk 0:05:37]} 23. Nxf4
{[%clk 0:05:10]} exf4 {[%clk 0:05:42]} 24. Bf2 {[%clk 0:05:15]} Qe7
{[%clk 0:05:39]} 25. Qd2 {[%clk 0:05:08]} Nf8 {[%clk 0:05:24]} 26. Qxf4
{[%clk 0:04:04]} Qxb4 {[%clk 0:05:23]} 27. d5 {[%clk 0:02:55]} Rxd5
{[%clk 0:04:36]} 28. Qg4 {[%clk 0:01:25]} Rg5 {[%clk 0:04:26]} 29. Qf4
{[%clk 0:01:14]} Ne6 {[%clk 0:02:45]} 30. Qe3 {[%clk 0:01:16]} Ra2
{[%clk 0:02:35]} 31. Bf1 {[%clk 0:00:29]} Qe7 {[%clk 0:02:23]} 32. Qb3
{[%clk 0:00:14]} Ra3 {[%clk 0:02:13]} 33. Qb2 {[%clk 0:00:11]} Rxf3
{[%clk 0:02:04]} 34. Bh4 {[%clk 0:00:16]} Rf4 {[%clk 0:01:21]} 35. Bxg5
{[%clk 0:00:20]} Nxg5 {[%clk 0:01:16]} 36. e5 {[%clk 0:00:18]} Rg4
{[%clk 0:01:11]} 37. Qe2 {[%clk 0:00:12]} Re4 {[%clk 0:00:56]} 38. Qf2
{[%clk 0:00:13]} Rxe5 {[%clk 0:00:55]} 39. Bd3 {[%clk 0:00:11]} c5
{[%clk 0:00:51]} 40. Re1 {[%clk 0:00:12]} c4 {[%clk 0:00:35]} 41. Bb1
{[%clk 0:00:15]} Rxe1+ {[%clk 0:00:23]} 42. Rxe1 {[%clk 0:00:20]} Ne6
{[%clk 0:00:27]} 43. Qf5 {[%clk 0:00:16]} g6 {[%clk 0:00:15]} 44. Qxb5
{[%clk 0:00:21]} c3 {[%clk 0:00:10]} 45. Qe2 {[%clk 0:00:09]} Qc5+
{[%clk 0:00:11]} 46. Qf2 {[%clk 0:00:12]} Qg5 {[%clk 0:00:11]} 47. Ba2
{[%clk 0:00:12]} Nf4 {[%clk 0:00:15]} 48. Kh2 {[%clk 0:00:09]} Qh5+
{[%clk 0:00:13]} 49. Kg1 {[%clk 0:00:13]} Qg5 {[%clk 0:00:17]} 50. Kh2
{[%clk 0:00:18]} Bxg2 {[%clk 0:00:17]} 51. Qg3 {[%clk 0:00:09]} Qh5+
{[%clk 0:00:17]} 52. Kg1 {[%clk 0:00:14]} Bc6 {[%clk 0:00:16]} 53. Bxf7+
{[%clk 0:00:12]} Kg7 {[%clk 0:00:18]} 54. Qxf4 {[%clk 0:00:14]} Qh1+
{[%clk 0:00:22]} 55. Kf2 {[%clk 0:00:19]} Qg2+ {[%clk 0:00:27]} 56. Ke3
{[%clk 0:00:23]} Qd2# {[%clk 0:00:32]} 57. Kd4 0-1

[Event "Nezhmetdinovrapid"]
[Site "?"]
[Date "2015.05.29"]
[Round "2.3"]
[White "Denis, Khismatullin"]
[Black "Nikolai, Kabanov"]
[Result "0-1"]
[BlackElo "2510"]
[WhiteElo "2611"]
[LiveChessVersion "1.4.5"]

1. d4 {[%clk 0:15:11]} Nf6 {[%clk 0:15:11]} 2. c4 {[%clk 0:15:15]} g6
{[%clk 0:15:15]} 3. f3 {[%clk 0:15:16]} Bg7 {[%clk 0:15:18]} 4. e4
{[%clk 0:15:20]} d6 {[%clk 0:15:22]} 5. Ne2 {[%clk 0:15:23]} O-O {[%clk 0:15:25]}
6. Be3 {[%clk 0:15:26]} a6 {[%clk 0:15:11]} 7. Nbc3 {[%clk 0:14:52]} Nc6
{[%clk 0:15:13]} 8. Qd2 {[%clk 0:12:04]} Na5 {[%clk 0:15:15]} 9. Nc1
{[%clk 0:12:06]} Nd7 {[%clk 0:15:07]} 10. Rb1 {[%clk 0:09:47]} c5
{[%clk 0:14:38]} 11. d5 {[%clk 0:08:35]} Ne5 {[%clk 0:14:09]} 12. b3
{[%clk 0:08:37]} e6 {[%clk 0:13:57]} 13. Be2 {[%clk 0:07:23]} exd5
{[%clk 0:13:55]} 14. cxd5 {[%clk 0:07:26]} b5 {[%clk 0:13:35]} 15. O-O
{[%clk 0:07:24]} Bd7 {[%clk 0:13:01]} 16. Bh6 {[%clk 0:06:07]} Bxh6
{[%clk 0:12:45]} 17. Qxh6 {[%clk 0:06:10]} b4 {[%clk 0:12:41]} 18. Nd1
{[%clk 0:06:02]} c4 {[%clk 0:08:05]} 19. f4 {[%clk 0:04:45]} Ng4 {[%clk 0:06:49]}
20. Bxg4 {[%clk 0:04:47]} Bxg4 {[%clk 0:05:51]} 21. f5 {[%clk 0:02:49]} Kh8
{[%clk 0:03:26]} 22. Ne3 {[%clk 0:02:15]} Bh5 {[%clk 0:03:23]} 23. g4
{[%clk 0:02:03]} Rg8 {[%clk 0:02:27]} 24. Ne2 {[%clk 0:01:14]} Bxg4
{[%clk 0:02:17]} 25. Ng3 {[%clk 0:00:42]} gxf5 {[%clk 0:02:16]} 26. bxc4
{[%clk 0:00:29]} Qe7 {[%clk 0:01:54]} 27. Kh1 {[%clk 0:00:23]} fxe4
{[%clk 0:01:43]} 28. Rxb4 {[%clk 0:00:14]} Bf3+ {[%clk 0:01:44]} 29. Kg1
{[%clk 0:00:13]} Rg6 {[%clk 0:01:41]} 30. Qf4 {[%clk 0:00:17]} Rag8
{[%clk 0:01:44]} 31. Nef5 {[%clk 0:00:18]} Qf6 {[%clk 0:01:32]} 32. Rxf3
{[%clk 0:00:15]} exf3 {[%clk 0:01:33]} 33. Qxf3 {[%clk 0:00:17]} Qe5
{[%clk 0:01:23]} 34. Kg2 {[%clk 0:00:12]} Rg4 {[%clk 0:01:26]} 35. Rb2
{[%clk 0:00:13]} Qxb2+ {[%clk 0:01:30]} 0-1

[Event "Nezhmetdinovrapid"]
[Site "?"]
[Date "2015.05.29"]
[Round "2.5"]
[White "Dmitry, Bocharov"]
[Black "Evgenij, Kalegin"]
[Result "1-0"]
[BlackElo "2491"]
[WhiteElo "2588"]
[LiveChessVersion "1.4.5"]

1. d4 {[%clk 0:15:07]} Nf6 {[%clk 0:15:10]} 2. c4 {[%clk 0:15:11]} g6
{[%clk 0:15:01]} 3. g3 {[%clk 0:15:14]} Bg7 {[%clk 0:15:04]} 4. Bg2
{[%clk 0:15:18]} O-O {[%clk 0:15:08]} 5. Nc3 {[%clk 0:15:21]} d6 {[%clk 0:15:14]}
6. Nf3 {[%clk 0:15:24]} Nbd7 {[%clk 0:15:19]} 7. O-O {[%clk 0:15:28]} e5
{[%clk 0:15:24]} 8. e4 {[%clk 0:15:31]} a6 {[%clk 0:15:28]} 9. Qc2
{[%clk 0:15:16]} Rb8 {[%clk 0:15:22]} 10. Rd1 {[%clk 0:15:17]} exd4
{[%clk 0:15:18]} 11. Nxd4 {[%clk 0:15:21]} c5 {[%clk 0:14:51]} 12. Nde2
{[%clk 0:15:14]} Ne5 {[%clk 0:14:43]} 13. b3 {[%clk 0:15:01]} Qe7
{[%clk 0:13:02]} 14. Bg5 {[%clk 0:14:16]} Be6 {[%clk 0:12:43]} 15. Nf4
{[%clk 0:14:18]} Qc7 {[%clk 0:11:57]} 16. Rd2 {[%clk 0:11:36]} Nc6
{[%clk 0:10:31]} 17. Nfe2 {[%clk 0:08:54]} Ne8 {[%clk 0:09:04]} 18. Rad1
{[%clk 0:08:52]} b5 {[%clk 0:08:51]} 19. Nd5 {[%clk 0:07:16]} Qa7
{[%clk 0:07:48]} 20. Be3 {[%clk 0:06:35]} bxc4 {[%clk 0:07:43]} 21. Qxc4
{[%clk 0:06:34]} Nc7 {[%clk 0:06:54]} 22. Nef4 {[%clk 0:06:09]} Nxd5
{[%clk 0:06:47]} 23. Nxd5 {[%clk 0:05:52]} Nb4 {[%clk 0:05:06]} 24. Bf4
{[%clk 0:05:50]} Rfd8 {[%clk 0:04:44]} 25. h3 {[%clk 0:05:04]} Nxd5
{[%clk 0:04:20]} 26. exd5 {[%clk 0:05:07]} Bf5 {[%clk 0:04:19]} 27. Re2
{[%clk 0:04:50]} Rb4 {[%clk 0:04:01]} 28. Qc1 {[%clk 0:04:54]} h5
{[%clk 0:03:38]} 29. Rde1 {[%clk 0:04:55]} c4 {[%clk 0:03:28]} 30. Bh6
{[%clk 0:04:00]} cxb3 {[%clk 0:03:14]} 31. axb3 {[%clk 0:03:28]} Qd4
{[%clk 0:01:55]} 32. Bxg7 {[%clk 0:01:45]} Kxg7 {[%clk 0:01:56]} 33. Re3
{[%clk 0:01:33]} Rc8 {[%clk 0:01:44]} 34. Qa3 {[%clk 0:01:37]} Rb6
{[%clk 0:01:30]} 35. Bf1 {[%clk 0:01:22]} Rc2 {[%clk 0:00:58]} 36. Rf3
{[%clk 0:01:13]} Rb2 {[%clk 0:00:21]} 37. Bc4 {[%clk 0:00:53]} Bxh3
{[%clk 0:00:14]} 38. Qa1 {[%clk 0:00:43]} Rd2 {[%clk 0:00:18]} 39. Qa5
{[%clk 0:00:42]} Rd1 {[%clk 0:00:17]} 40. Rfe3 {[%clk 0:00:16]} Rxe1+
{[%clk 0:00:21]} 41. Qxe1 {[%clk 0:00:17]} Rb8 {[%clk 0:00:19]} 42. Re4
{[%clk 0:00:18]} Qf6 {[%clk 0:00:20]} 43. Qe3 {[%clk 0:00:21]} a5
{[%clk 0:00:20]} 44. Qa7 {[%clk 0:00:17]} Qf3 {[%clk 0:00:17]} 45. Qd4+
{[%clk 0:00:13]} Kg8 {[%clk 0:00:22]} 46. Bf1 {[%clk 0:00:18]} Bxf1
{[%clk 0:00:22]} 47. Kxf1 {[%clk 0:00:22]} Qh1+ {[%clk 0:00:17]} 48. Ke2
{[%clk 0:00:28]} Qb1 {[%clk 0:00:18]} 49. Re3 {[%clk 0:00:31]} Rc8
{[%clk 0:00:20]} 50. Kf3 {[%clk 0:00:32]} Qh1+ {[%clk 0:00:23]} 51. Kf4
{[%clk 0:00:34]} Qh3 {[%clk 0:00:24]} 52. Kf3 {[%clk 0:00:18]} h4
{[%clk 0:00:17]} 53. Qxh4 {[%clk 0:00:21]} Qxh4 {[%clk 0:00:22]} 54. gxh4
{[%clk 0:00:26]} Rc5 {[%clk 0:00:27]} 55. Rd3 {[%clk 0:00:31]} Kg7
{[%clk 0:00:32]} 56. Ke4 {[%clk 0:00:36]} Rb5 {[%clk 0:00:35]} 57. Kf4
{[%clk 0:00:27]} Rb4+ {[%clk 0:00:37]} 58. Kg3 {[%clk 0:00:33]} f5
{[%clk 0:00:38]} 59. f4 {[%clk 0:00:30]} Kh6 {[%clk 0:00:27]} 60. Re3
{[%clk 0:00:17]} Rd4 {[%clk 0:00:29]} 61. Re8 {[%clk 0:00:13]} Rxd5
{[%clk 0:00:31]} 62. Rh8+ {[%clk 0:00:17]} Kg7 {[%clk 0:00:36]} 63. Rb8
{[%clk 0:00:22]} Rd3+ {[%clk 0:00:31]} 64. Kf2 {[%clk 0:00:27]} Rh3
{[%clk 0:00:23]} 65. Rb5 {[%clk 0:00:22]} Rxh4 {[%clk 0:00:27]} 66. Kg3
{[%clk 0:00:27]} Rg4+ {[%clk 0:00:07]} 67. Kf3 {[%clk 0:00:31]} g5
{[%clk 0:00:00]} 68. Ke4 1-0

[Event "Nezhmetdinovrapid"]
[Site "?"]
[Date "2015.05.29"]
[Round "3.10"]
[White "Andrey, Rychagov"]
[Black "Ramil, Hasangatin"]
[Result "0-1"]
[BlackElo "2476"]
[WhiteElo "2566"]
[LiveChessVersion "1.4.5"]

1. d4 {[%clk 0:15:11]} d6 {[%clk 0:15:12]} 2. Nf3 {[%clk 0:15:14]} Bg4
{[%clk 0:15:17]} 3. e4 {[%clk 0:14:54]} Nf6 {[%clk 0:15:18]} 4. Nc3
{[%clk 0:14:59]} c6 {[%clk 0:15:13]} 5. Be2 {[%clk 0:14:53]} e6 {[%clk 0:15:10]}
6. Bg5 {[%clk 0:14:19]} Be7 {[%clk 0:14:59]} 7. Qd2 {[%clk 0:13:47]} d5
{[%clk 0:14:22]} 8. e5 {[%clk 0:12:19]} Ne4 {[%clk 0:11:21]} 9. Nxe4
{[%clk 0:12:10]} dxe4 {[%clk 0:11:26]} 10. Bxe7 {[%clk 0:12:14]} Qxe7
{[%clk 0:11:30]} 11. Ng5 {[%clk 0:11:31]} Bf5 {[%clk 0:11:35]} 12. g4
{[%clk 0:10:50]} Bg6 {[%clk 0:11:29]} 13. O-O-O {[%clk 0:10:51]} h6
{[%clk 0:08:56]} 14. Nh3 {[%clk 0:10:55]} Nd7 {[%clk 0:08:25]} 15. Nf4
{[%clk 0:10:03]} Bh7 {[%clk 0:08:30]} 16. Qe3 {[%clk 0:08:40]} O-O-O
{[%clk 0:08:00]} 17. Rd2 {[%clk 0:08:27]} g5 {[%clk 0:06:35]} 18. Nh5
{[%clk 0:08:15]} f5 {[%clk 0:05:25]} 19. exf6 {[%clk 0:07:56]} Nxf6
{[%clk 0:05:29]} 20. Nxf6 {[%clk 0:07:55]} Qxf6 {[%clk 0:05:34]} 21. f3
{[%clk 0:07:52]} Rhf8 {[%clk 0:03:30]} 22. fxe4 {[%clk 0:05:54]} Qf4
{[%clk 0:03:35]} 23. Qxf4 {[%clk 0:05:39]} Rxf4 {[%clk 0:03:38]} 24. Bc4
{[%clk 0:05:31]} Bxe4 {[%clk 0:02:03]} 25. Bxe6+ {[%clk 0:05:01]} Kc7
{[%clk 0:02:08]} 26. Rg1 {[%clk 0:04:20]} Rd6 {[%clk 0:01:35]} 27. Bb3
{[%clk 0:03:58]} Bf3 {[%clk 0:01:39]} 28. c3 {[%clk 0:03:11]} Bxg4
{[%clk 0:01:31]} 29. Re1 {[%clk 0:03:06]} Rdf6 {[%clk 0:01:20]} 30. Bd1
{[%clk 0:02:29]} Rf1 {[%clk 0:01:13]} 31. Re7+ {[%clk 0:01:36]} Kb6
{[%clk 0:00:54]} 32. d5 {[%clk 0:01:20]} Bxd1 {[%clk 0:00:43]} 33. Rxd1
{[%clk 0:01:25]} cxd5 {[%clk 0:00:39]} 34. Rh7 {[%clk 0:01:09]} a5
{[%clk 0:00:42]} 35. a4 {[%clk 0:01:05]} Kc6 {[%clk 0:00:45]} 36. b4
{[%clk 0:00:38]} b6 {[%clk 0:00:50]} 37. b5+ {[%clk 0:00:39]} Kd6
{[%clk 0:00:45]} 38. Rb7 {[%clk 0:00:42]} Ke5 {[%clk 0:00:43]} 39. Re7+
{[%clk 0:00:45]} Kd6 {[%clk 0:00:48]} 40. Rb7 {[%clk 0:00:50]} Rxd1+
{[%clk 0:00:48]} 41. Kxd1 Ke5 42. Ke2 {[%clk 0:00:48]} g4 {[%clk 0:00:51]} 43.
Rg7 {[%clk 0:00:40]} Kf4 {[%clk 0:00:38]} 44. Rd7 {[%clk 0:00:32]} Rf5
{[%clk 0:00:38]} 45. Rd6 {[%clk 0:00:35]} Rh5 {[%clk 0:00:44]} 46. Rf6+
{[%clk 0:00:16]} Ke5 {[%clk 0:00:35]} 47. Rxb6 {[%clk 0:00:16]} Rxh2+
{[%clk 0:00:41]} 48. Kd3 {[%clk 0:00:21]} h5 {[%clk 0:00:31]} 49. Rg6
{[%clk 0:00:25]} Kf5 {[%clk 0:00:36]} 50. Rg8 {[%clk 0:00:29]} h4
{[%clk 0:00:21]} 51. Kd4 {[%clk 0:00:29]} h3 {[%clk 0:00:20]} 52. Rf8+
{[%clk 0:00:18]} Kg5 {[%clk 0:00:25]} 53. Rg8+ {[%clk 0:00:18]} Kf4
{[%clk 0:00:30]} 54. Rf8+ {[%clk 0:00:23]} Kg3 {[%clk 0:00:34]} 55. Kxd5
{[%clk 0:00:23]} Rd2+ {[%clk 0:00:22]} 56. Kc5 {[%clk 0:00:27]} Kh2
{[%clk 0:00:19]} 57. b6 g3 {[%clk 0:00:21]} 58. Kd4 0-1

[Event "Nezhmetdinovrapid"]
[Site "?"]
[Date "2015.05.30"]
[Round "4.7"]
[White "Dmitry, Gordievsky"]
[Black "Alexandre, Danin"]
[Result "1/2-1/2"]
[BlackElo "2584"]
[WhiteElo "2425"]
[LiveChessVersion "1.4.5"]

1. d4 {[%clk 0:15:10]} Nf6 {[%clk 0:15:11]} 2. c4 {[%clk 0:15:14]} g6
{[%clk 0:15:15]} 3. Nc3 {[%clk 0:15:17]} d5 {[%clk 0:15:20]} 4. Nf3
{[%clk 0:15:15]} Bg7 {[%clk 0:15:25]} 5. Bg5 {[%clk 0:14:54]} Ne4
{[%clk 0:13:06]} 6. Bh4 {[%clk 0:14:55]} Nxc3 {[%clk 0:13:09]} 7. bxc3
{[%clk 0:15:00]} dxc4 {[%clk 0:13:13]} 8. e3 {[%clk 0:14:19]} Be6
{[%clk 0:13:09]} 9. Be2 {[%clk 0:12:16]} Nd7 {[%clk 0:13:06]} 10. O-O
{[%clk 0:12:04]} Nb6 {[%clk 0:13:00]} 11. Qc2 {[%clk 0:11:22]} O-O
{[%clk 0:12:59]} 12. Rfd1 {[%clk 0:10:50]} Qe8 {[%clk 0:11:08]} 13. h3
{[%clk 0:10:43]} f6 {[%clk 0:10:33]} 14. Bg3 {[%clk 0:10:25]} Rc8
{[%clk 0:10:31]} 15. e4 {[%clk 0:10:13]} Bd7 {[%clk 0:10:13]} 16. Qb2
{[%clk 0:10:05]} f5 {[%clk 0:07:45]} 17. exf5 {[%clk 0:09:53]} Bxf5
{[%clk 0:07:47]} 18. Ne5 {[%clk 0:07:39]} Qa4 {[%clk 0:07:15]} 19. Bf3
{[%clk 0:07:15]} c6 {[%clk 0:07:13]} 20. Re1 {[%clk 0:07:11]} Rce8
{[%clk 0:06:21]} 21. Bd1 {[%clk 0:07:02]} Qa5 {[%clk 0:06:07]} 22. Be2
{[%clk 0:06:10]} Be6 {[%clk 0:04:34]} 23. a4 {[%clk 0:05:52]} Bd5
{[%clk 0:02:35]} 24. Qa3 {[%clk 0:05:35]} Bxe5 {[%clk 0:02:00]} 25. Bxe5
{[%clk 0:05:05]} Nd7 {[%clk 0:02:04]} 26. Bf1 {[%clk 0:04:45]} Nxe5
{[%clk 0:01:29]} 27. Rxe5 {[%clk 0:04:50]} Qc7 {[%clk 0:01:35]} 28. Qa2
{[%clk 0:03:59]} Rf5 {[%clk 0:01:02]} 29. Rae1 {[%clk 0:03:29]} b5
{[%clk 0:00:47]} 30. axb5 {[%clk 0:02:49]} cxb5 {[%clk 0:00:51]} 31. Qa6
{[%clk 0:02:04]} Rxe5 {[%clk 0:00:25]} 32. Rxe5 {[%clk 0:02:09]} Qc6
{[%clk 0:00:30]} 33. Qxa7 {[%clk 0:01:35]} e6 {[%clk 0:00:35]} 34. Re1
{[%clk 0:00:55]} Ra8 {[%clk 0:00:22]} 35. Qe7 {[%clk 0:00:59]} Qe8
{[%clk 0:00:19]} 36. Qc5 {[%clk 0:00:58]} Rc8 {[%clk 0:00:20]} 37. Qb4
{[%clk 0:01:01]} Ra8 {[%clk 0:00:22]} 38. Rb1 {[%clk 0:01:03]} Bc6
{[%clk 0:00:26]} 39. Qc5 {[%clk 0:01:04]} Qd7 {[%clk 0:00:30]} 40. Re1
{[%clk 0:00:55]} Qd5 {[%clk 0:00:29]} 41. Qe7 {[%clk 0:01:00]} Re8
{[%clk 0:00:34]} 42. Qf6 {[%clk 0:00:43]} Qf5 {[%clk 0:00:34]} 43. Qxf5
{[%clk 0:00:22]} gxf5 {[%clk 0:00:37]} 44. Ra1 {[%clk 0:00:11]} e5
{[%clk 0:00:20]} 45. Ra6 {[%clk 0:00:16]} exd4 {[%clk 0:00:21]} 46. Rxc6
{[%clk 0:00:21]} dxc3 {[%clk 0:00:25]} 47. Bxc4+ {[%clk 0:00:24]} bxc4
{[%clk 0:00:28]} 48. Rxc4 {[%clk 0:00:29]} Re1+ {[%clk 0:00:33]} 49. Kh2
{[%clk 0:00:34]} Rc1 {[%clk 0:00:38]} 50. Rc7 {[%clk 0:00:33]} f4
{[%clk 0:00:30]} 51. Rc8+ {[%clk 0:00:34]} Kg7 {[%clk 0:00:34]} 52. Rc7+
{[%clk 0:00:38]} Kg6 {[%clk 0:00:38]} 53. Rc5 {[%clk 0:00:17]} c2
{[%clk 0:00:32]} 54. h4 {[%clk 0:00:13]} Kf6 {[%clk 0:00:25]} 55. f3
{[%clk 0:00:10]} Ke6 {[%clk 0:00:29]} 56. Rc8 {[%clk 0:00:10]} h5
{[%clk 0:00:30]} 57. Rc5 {[%clk 0:00:11]} Kd6 {[%clk 0:00:34]} 58. Rc8
{[%clk 0:00:16]} Kd5 {[%clk 0:00:36]} 59. Rd8+ {[%clk 0:00:20]} Kc4
{[%clk 0:00:38]} 60. Rc8+ {[%clk 0:00:25]} Kd3 {[%clk 0:00:43]} 61. Rd8+
{[%clk 0:00:30]} Ke3 {[%clk 0:00:45]} 62. Re8+ {[%clk 0:00:35]} Ke4 1/2-1/2

[Event "Nezhmetdinovrapid"]
[Site "?"]
[Date "2015.05.30"]
[Round "6.7"]
[White "Dmitry, Gordievsky"]
[Black "Andrey, Shariyazdanov"]
[Result "1/2-1/2"]
[BlackElo "2512"]
[WhiteElo "2425"]
[LiveChessVersion "1.4.5"]

1. d4 {[%clk 0:15:11]} Nf6 {[%clk 0:15:11]} 2. c4 {[%clk 0:15:14]} e6
{[%clk 0:15:16]} 3. Nf3 {[%clk 0:15:18]} d5 {[%clk 0:15:18]} 4. Nc3
{[%clk 0:15:23]} Be7 {[%clk 0:15:22]} 5. Bg5 {[%clk 0:15:26]} h6 {[%clk 0:15:23]}
6. Bh4 {[%clk 0:15:31]} O-O {[%clk 0:15:25]} 7. e3 {[%clk 0:15:36]} Nbd7
{[%clk 0:15:14]} 8. Rc1 {[%clk 0:14:51]} c6 {[%clk 0:15:11]} 9. Bd3
{[%clk 0:14:09]} a6 {[%clk 0:14:09]} 10. c5 {[%clk 0:13:56]} e5 {[%clk 0:13:58]}
11. dxe5 {[%clk 0:13:55]} Ne8 {[%clk 0:13:54]} 12. Bg3 {[%clk 0:13:26]} Nxc5
{[%clk 0:13:58]} 13. Bb1 {[%clk 0:13:31]} Bg4 {[%clk 0:12:13]} 14. Qc2
{[%clk 0:11:45]} g6 {[%clk 0:12:18]} 15. Nd4 {[%clk 0:11:45]} Ne6
{[%clk 0:12:21]} 16. h3 {[%clk 0:11:24]} Nxd4 {[%clk 0:12:20]} 17. exd4
{[%clk 0:11:28]} Bf5 {[%clk 0:12:25]} 18. Qd2 {[%clk 0:11:28]} Bxb1
{[%clk 0:12:18]} 19. Rxb1 {[%clk 0:11:30]} Ng7 {[%clk 0:11:50]} 20. Bf4
{[%clk 0:11:10]} g5 {[%clk 0:11:28]} 21. Bh2 {[%clk 0:09:45]} f5 {[%clk 0:11:28]}
22. exf6 {[%clk 0:09:11]} Bxf6 {[%clk 0:11:33]} 23. O-O {[%clk 0:09:15]} Qd7
{[%clk 0:11:34]} 24. Na4 {[%clk 0:09:07]} Rae8 {[%clk 0:11:11]} 25. Nc5
{[%clk 0:09:10]} Qc8 {[%clk 0:10:06]} 26. Rbe1 {[%clk 0:08:53]} Ne6
{[%clk 0:07:29]} 27. Bd6 {[%clk 0:05:29]} Nxc5 {[%clk 0:07:33]} 28. dxc5
{[%clk 0:04:36]} Rxe1 {[%clk 0:07:37]} 29. Rxe1 {[%clk 0:04:40]} Re8
{[%clk 0:07:42]} 30. b3 {[%clk 0:04:06]} Kf7 {[%clk 0:07:32]} 31. Rxe8
{[%clk 0:03:22]} Qxe8 {[%clk 0:07:35]} 32. Qb4 {[%clk 0:03:21]} Qd7
{[%clk 0:07:34]} 33. f4 {[%clk 0:03:21]} Kg6 {[%clk 0:06:32]} 34. Qe1
{[%clk 0:01:32]} gxf4 {[%clk 0:05:34]} 35. Bxf4 {[%clk 0:01:36]} Bd4+
{[%clk 0:03:18]} 36. Kh2 {[%clk 0:01:36]} Bg7 {[%clk 0:02:47]} 37. Qg3+
{[%clk 0:01:25]} Kf7 {[%clk 0:02:48]} 38. Bd6 {[%clk 0:01:15]} Qf5
{[%clk 0:02:49]} 39. Qe3 {[%clk 0:00:48]} Kg6 {[%clk 0:02:30]} 40. g4
{[%clk 0:00:44]} Qb1 {[%clk 0:02:12]} 41. Qe6+ {[%clk 0:00:41]} Kh7
{[%clk 0:02:16]} 42. Qf5+ {[%clk 0:00:14]} Qxf5 {[%clk 0:02:20]} 43. gxf5
{[%clk 0:00:19]} Bf6 {[%clk 0:02:08]} 44. Kg3 {[%clk 0:00:21]} h5
{[%clk 0:02:11]} 45. Kf4 {[%clk 0:00:24]} Kg7 {[%clk 0:02:16]} 46. Bc7
{[%clk 0:00:13]} Kf7 {[%clk 0:02:13]} 47. Bd6 {[%clk 0:00:11]} Ke8
{[%clk 0:02:11]} 48. Bc7 {[%clk 0:00:10]} Kd7 {[%clk 0:02:12]} 49. Bb6
{[%clk 0:00:11]} Kc8 {[%clk 0:00:45]} 50. Ba5 {[%clk 0:00:16]} Kd7
{[%clk 0:00:46]} 51. Bb6 {[%clk 0:00:21]} Ke7 {[%clk 0:00:51]} 52. Bc7
{[%clk 0:00:25]} Kf7 {[%clk 0:00:56]} 53. Bd6 {[%clk 0:00:28]} Be7
{[%clk 0:00:51]} 54. Ke5 {[%clk 0:00:34]} Bg5 {[%clk 0:00:41]} 55. Bc7
{[%clk 0:00:30]} Be7 {[%clk 0:00:43]} 56. Bd6 {[%clk 0:00:22]} Bf8
{[%clk 0:00:40]} 57. Kf4 {[%clk 0:00:24]} Bg7 {[%clk 0:00:21]} 58. Bc7
{[%clk 0:00:25]} Bh6+ {[%clk 0:00:21]} 59. Ke4 1/2-1/2